Britain taps into USA's housing design code (Record no. 74796)
[ view plain ]
| 000 -LEADER | |
|---|---|
| fixed length control field | 01038cab a2200217 4500 |
| 001 - CONTROL NUMBER | |
| control field | ABS68741 |
| 008 - FIXED-LENGTH DATA ELEMENTS--GENERAL INFORMATION | |
| fixed length control field | 050214n2005 000 0 eng u |
| 035 ## - SYSTEM CONTROL NUMBER | |
| System control number | (Sirsi) u128774 |
| 100 ## - MAIN ENTRY--PERSONAL NAME | |
| Personal name | Marrs, C. |
| 245 ## - TITLE STATEMENT | |
| Title | Britain taps into USA's housing design code |
| 260 ## - PUBLICATION, DISTRIBUTION, ETC. | |
| Date of publication, distribution, etc. | 2005 |
| 490 ## - SERIES STATEMENT | |
| Series statement | Axis |
| Volume/sequential designation | 58(6) January/February 2005, 12-13 (2) |
| 520 ## - SUMMARY, ETC. | |
| Summary, etc. | Design codes as strict planning rules are being piloted in the UK by the ODPM as a route to better urban design and to the speeding up of housing development in urban areas. Looks at this approach, which has its origins in the new urbanist architectural movement in the USA. New urbanism aims to control sprawl development while maintaining permeability, allowing greater freedom of movement. Reviews the virtues and defects of new urbanism and provides a timeline of British urbanism. |
| 590 ## - LOCAL NOTE (RLIN) | |
| Local note | ABS |
| 650 ## - SUBJECT ADDED ENTRY--TOPICAL TERM | |
| Topical term or geographic name entry element | DESIGN QUALITY |
| 650 ## - SUBJECT ADDED ENTRY--TOPICAL TERM | |
| Topical term or geographic name entry element | RESIDENTIAL DEVELOPMENT |
| 650 ## - SUBJECT ADDED ENTRY--TOPICAL TERM | |
| Topical term or geographic name entry element | URBAN DESIGN |
| 650 ## - SUBJECT ADDED ENTRY--TOPICAL TERM | |
| Topical term or geographic name entry element | PLANNING PROCESS |
| 690 ## - LOCAL SUBJECT ADDED ENTRY--TOPICAL TERM (OCLC, RLIN) | |
| Topical term or geographic name as entry element | HOUSING-DEVELOPMENT |
| 942 ## - ADDED ENTRY ELEMENTS (KOHA) | |
| Suppress in OPAC | 0 |
| Withdrawn status | Lost status | Source of classification or shelving scheme | Damaged status | Not for loan | Home library | Current library | Shelving location | Date acquired | Total Checkouts | Full call number | Barcode | Date last seen | Copy number | Price effective from | Koha item type |
|---|---|---|---|---|---|---|---|---|---|---|---|---|---|---|---|
| Dewey Decimal Classification | London | London | Journal article | 14/02/2005 | ABS68741 | 128774-1001 | 06/08/2019 | 1 | 06/08/2019 | Journal article |